Ak subjekt nie je schopný dlh dobrovoľne vyrovnať, môže sa uplatniť exekúcia

Exekúcia - výkon súdneho alebo iného úradného rozhodnutia týkajúceho sa najmä dlžôb. V súčasnosti nútený výkon - exekúciu upravujú tri právne predpisy. 1. Občiansky súdny poriadok (OSP), 2. zákon č. 511/1992 Zb. o správe daní a poplatkov, 3. zákon č. 233/1995 Z.z. o súdnych exekútoroch a exekučnej č...

Descrizione completa

Salvato in:
Dettagli Bibliografici
Autore principale: Harmaniaková, Anna
Natura: Capitolo di libro
Lingua:slovacco
Soggetti:
Tags: Aggiungi Tag
Nessun Tag, puoi essere il primo ad aggiungerne!!

MARC

LEADER 00000naa a2200000 4500
001 r034828
005 20230921103157.7
041 0 |a slo 
044 |a SK 
245 1 0 |a Ak subjekt nie je schopný dlh dobrovoľne vyrovnať, môže sa uplatniť exekúcia  |c Anna Harmaniaková 
520 |a Exekúcia - výkon súdneho alebo iného úradného rozhodnutia týkajúceho sa najmä dlžôb. V súčasnosti nútený výkon - exekúciu upravujú tri právne predpisy. 1. Občiansky súdny poriadok (OSP), 2. zákon č. 511/1992 Zb. o správe daní a poplatkov, 3. zákon č. 233/1995 Z.z. o súdnych exekútoroch a exekučnej činnosti. 
610 2 0 |a exekúcia 
610 2 0 |a exekútori 
610 2 0 |a dlhy 
610 2 0 |a predpisy právne 
610 2 0 |a zákony 
610 2 0 |a Slovensko 
100 1 |a Harmaniaková, Anna